[Event "Dhaka Walton op"]
[Site "Dhaka"]
[Date "2018.06.03"]
[Round "8"]
[White "Sohag, Hossain"]
[Black "Shahinur, Islam"]
[Result "0-1"]
[WhiteElo "1815"]
[BlackElo "1639"]
[PlyCount "72"]
[EventDate "2018.05.26"]
[EventType "swiss"]
[EventRounds "9"]
[EventCountry "BAN"]
[SourceTitle "CBM 184 Extra"]
[Source "ChessBase"]
[SourceDate "2018.06.28"]
[SourceVersion "1"]
[SourceVersionDate "2018.06.28"]
[SourceQuality "1"]

1. e4 c5 2. Nf3 e6 3. d4 cxd4 4. Nxd4 Nf6 5. Nc3 d6 6. g3 Nc6 7. Bg2 Be7 8. h3 Qc7 9. Be3 a6 10. Qd2 Rb8 11. 0-0 0-0 12. Nb3 Ne5 13. Qe2 Nc4 14. Bc1 b5 15. Re1 Bb7 16. Nd1 Rfc8 17. c3 Qb6 18. Nd4 Ba8 19. Kh2 Rc7 20. f4 e5 21. Nf5 Bf8 22. b3 Na5 23. Ba3 exf4 24. gxf4 Re8 25. Qd3 d5 26. Bxf8 Kxf8 27. e5 Ne4 28. Bxe4 dxe4 29. Qe2 Nc6 30. Rg1 g6 31. Nd6 Nxe5 32. fxe5 Rxe5 33. Nxb5 axb5 34. Rc1 Rd7 35. Rg3 Red5 36. Rg2 Qd6+ 0-1